Loading...
| Current Events | 3 | 13.33 | 100% | 33% | 0% |
| Fine Arts - Classical Music | 7 | 12.86 | 86% | 43% | 0% |
| Fine Arts - Other | 6 | 10.00 | 83% | 17% | 0% |
| Fine Arts - Painting & Sculpture | 10 | 7.00 | 60% | 10% | 0% |
| Geography | 4 | 10.00 | 75% | 25% | 0% |
| History - American | 6 | 5.00 | 50% | 0% | 0% |
| History - European | 6 | 15.00 | 100% | 50% | 0% |
| History - Other | 8 | 12.50 | 88% | 38% | 0% |
| History - World | 7 | 8.57 | 57% | 29% | 0% |
| Literature - American | 7 | 7.14 | 43% | 29% | 0% |
| Literature - British | 6 | 8.33 | 67% | 17% | 0% |
| Literature - European | 5 | 8.00 | 60% | 20% | 0% |
| Literature - World | 6 | 16.67 | 83% | 83% | 0% |
| Mythology | 3 | 13.33 | 67% | 33% | 33% |
| Other Academic | 5 | 8.00 | 60% | 20% | 0% |
| Philosophy | 6 | 5.00 | 50% | 0% | 0% |
| Religion | 8 | 13.75 | 88% | 50% | 0% |
| Science - Biology | 3 | 10.00 | 100% | 0% | 0% |
| Science - Chemistry | 6 | 13.33 | 83% | 50% | 0% |
| Science - Other | 5 | 12.00 | 80% | 40% | 0% |
| Science - Physics | 4 | 7.50 | 75% | 0% | 0% |
| Social Science | 6 | 10.00 | 67% | 33% | 0% |